{"text_format":"3","workbook":"xlsx","n_sheets":1,"sheets":["Foglio1"],"not_rendered":{"defined_names":1},"read":"whole","date_system":"1900"}

{"sheet":"Foglio1","index":0,"n_rows":68,"n_cols":14,"rows_kept":68,"merged":[[0,0,0,13],[1,0,1,5],[1,6,1,9],[1,10,1,13],[57,0,57,4],[57,6,57,8],[57,10,57,12],[59,6,59,11],[59,12,59,13],[60,6,60,11],[60,12,60,13],[61,6,61,9],[61,10,61,13],[62,0,62,3],[62,6,62,9],[62,10,62,13],[63,2,63,3],[64,2,64,3],[65,2,65,3],[66,2,66,3],[67,2,67,3],[67,5,67,7],[67,8,67,12]]}
["SCHEMA OFFERTA RICAMBI INDUSTRIA ITALIANA AUTOBUS"]
["ELENCO RICAMBI",{"$nulls":5},"RICAMBI ORIGINALI OFFERTI",{"$nulls":3},"RICAMBI EQUIVALENTI OFFERTI"]
["Descrizione del ricambio","P.N.\nOriginale","Unità di misura","Q.tà","Prezzo unitario a base d'asta","Prezzo totale a base d'asta","Marca","P. N. ","Prezzo unitario ","Prezzo\ntotale","Marca","P. N. ","Prezzo unitario","Prezzo\ntotale"]
["AMMORTIZZATORE ","0045528","NR",16,{"v":168,"d":"168.00"},{"$f":"D4*E4","v":{"v":2688,"d":"2,688.00"}},{"$nulls":3},{"$f":"I4*D4","v":0},{"$nulls":3},{"$f":"M4*D4","v":0}]
["AMMORTIZZATORE ","0193127","NR",8,226.22,{"v":1809.76,"d":"1,809.76"},{"$nulls":3},{"$f":"I5*D5","v":0},{"$nulls":3},{"$f":"M5*D5","v":0}]
["AMMORTIZZATORE ","0193128","NR",28,246.25,{"v":6895,"d":"6,895.00"},{"$nulls":3},{"$f":"I6*D6","v":0},{"$nulls":3},{"$f":"M6*D6","v":0}]
["AMMORTIZZATORE ","0049803","NR",16,{"v":163,"d":"163.00"},{"v":2608,"d":"2,608.00"},{"$nulls":3},0,{"$nulls":3},0]
["BRACCIO SPECCHIO","D039275","NR",50,191.03,{"v":9551.5,"d":"9,551.50"},{"$nulls":3},0,{"$nulls":3},0]
["CARTUCCIA FILTRO ","0254386","NR",20,57.29,{"v":1145.8,"d":"1,145.80"},{"$nulls":3},0,{"$nulls":3},0]
["CARTUCCIA INT. ","0254389","NR",20,16.52,{"v":330.4,"d":"330.40"},{"$nulls":3},0,{"$nulls":3},0]
["CATADIOTTRO","D037098","NR",150,27.53,{"v":4129.5,"d":"4,129.50"},{"$nulls":3},0,{"$nulls":3},0]
["CILINDRO FRENO","D035457","NR",4,{"v":186.9,"d":"186.90"},{"$f":"D12*E12","v":{"v":747.6,"d":"747.60"}},{"$nulls":3},0,{"$nulls":3},0]
["CINGHIA","D085934","NR",60,20.54,{"v":1232.3999999999999,"d":"1,232.40"},{"$nulls":3},0,{"$nulls":3},0]
["COLLARE","0178363","NR",90,7.81,{"v":702.9,"d":"702.90"},{"$nulls":3},0,{"$nulls":3},0]
["COLONNETTA","0188275","NR",150,26.16,{"v":3924,"d":"3,924.00"},{"$nulls":3},0,{"$nulls":3},0]
["CRISTALLO ","D037433","NR",12,{"v":1498.65,"d":"1,498.65"},{"v":17983.800000000003,"d":"17,983.80"},{"$nulls":3},0,{"$nulls":3},0]
["DISCO FRENO","D031900","NR",8,176.61,{"v":1412.88,"d":"1,412.88"},{"$nulls":3},0,{"$nulls":3},0]
["ELETTROVALVOLA","0179590","NR",12,{"v":1250.26,"d":"1,250.26"},{"v":15003.119999999999,"d":"15,003.12"},{"$nulls":3},0,{"$nulls":3},0]
["ESSICCATORE COMPLETO","D010324","NR",2,{"v":2308.67,"d":"2,308.67"},{"v":4617.34,"d":"4,617.34"},{"$nulls":3},0,{"$nulls":3},0]
["FANALE DX","D037092","NR",32,15.47,495.04,{"$nulls":3},0,{"$nulls":3},0]
["FANALE SX","D037091","NR",32,15.32,490.24,{"$nulls":3},0,{"$nulls":3},0]
["FILTRO GASOLIO ","0190930","NR",20,36.51,{"v":730.1999999999999,"d":"730.20"},{"$nulls":3},0,{"$nulls":3},0]
["INDICATORE","0178566","NR",85,125.99,{"v":10709.15,"d":"10,709.15"},{"$nulls":3},0,{"$nulls":3},0]
["INDICATORE ","D035072","NR",70,57.67,{"v":4036.9,"d":"4,036.90"},{"$nulls":3},0,{"$nulls":3},0]
["KIT PASTIGLIA FRENO","0254625","NR",8,249.47,{"v":1995.76,"d":"1,995.76"},{"$nulls":3},0,{"$nulls":3},0]
["KIT TAMPONI","D037374","NR",12,151.11,{"v":1813.3200000000002,"d":"1,813.32"},{"$nulls":3},0,{"$nulls":3},0]
["KIT TESTINA","0254903","NR",20,69.63,{"v":1392.6,"d":"1,392.60"},{"$nulls":3},0,{"$nulls":3},0]
["LEVA ","0178529","NR",12,215.06,{"v":2580.7200000000003,"d":"2,580.72"},{"$nulls":3},0,{"$nulls":3},0]
["MANICOTTO","D042411","NR",120,10.51,{"v":1261.2,"d":"1,261.20"},{"$nulls":3},0,{"$nulls":3},0]
["MANICOTTO ","0054148","NR",60,10.31,{"v":618.6,"d":"618.60"},{"$nulls":3},0,{"$nulls":3},0]
["MEMBRANA","D031105","NR",40,52.81,{"v":2112.4,"d":"2,112.40"},{"$nulls":3},0,{"$nulls":3},0]
["MOLLA","0884107","NR",90,{"v":9.8,"d":"9.80"},{"v":882.0000000000001,"d":"882.00"},{"$nulls":3},0,{"$nulls":3},0]
["MOLLA ARIA","D031102","NR",20,{"v":68,"d":"68.00"},{"v":1360,"d":"1,360.00"},{"$nulls":3},0,{"$nulls":3},0]
["PERNO FUSO","D031878","NR",12,195.34,{"v":2344.08,"d":"2,344.08"},{"$nulls":3},0,{"$nulls":3},0]
["PINZA COMPLETA","D031902","NR",6,{"v":1366.64,"d":"1,366.64"},{"v":8199.84,"d":"8,199.84"},{"$nulls":3},0,{"$nulls":3},0]
["PINZA COMPLETA","D037397","NR",6,349.36,{"v":2096.16,"d":"2,096.16"},{"$nulls":3},0,{"$nulls":3},0]
["PINZA COMPLETA ","D031901","NR",6,{"v":1366.64,"d":"1,366.64"},{"v":8199.84,"d":"8,199.84"},{"$nulls":3},0,{"$nulls":3},0]
["PLAFONIERA","0641610","NR",80,20.12,{"v":1609.6000000000001,"d":"1,609.60"},{"$nulls":3},0,{"$nulls":3},0]
["PORTALAMPADA","D022628","NR",150,5.29,{"v":793.5,"d":"793.50"},{"$nulls":3},0,{"$nulls":3},0]
["PULSANTE STOP GIALLO","0627863","NR",50,4.28,{"v":214,"d":"214.00"},{"$nulls":3},0,{"$nulls":3},0]
["SEMICOLLARE","D038912","NR",75,35.54,{"v":2665.5,"d":"2,665.50"},{"$nulls":3},0,{"$nulls":3},0]
["SENSORE","0178942","NR",70,{"v":152.4,"d":"152.40"},{"v":10668,"d":"10,668.00"},{"$nulls":3},0,{"$nulls":3},0]
["SENSORE ","0179640","NR",68,9.78,665.04,{"$nulls":3},0,{"$nulls":3},0]
["SILENTBLOCK ","D311977","NR",100,17.84,{"v":1784,"d":"1,784.00"},{"$nulls":3},0,{"$nulls":3},0]
["SNODO","D039332","NR",2,9.58,19.16,{"$nulls":3},0,{"$nulls":3},0]
["SNODO","D039333","NR",2,{"v":5.5,"d":"5.50"},{"v":11,"d":"11.00"},{"$nulls":3},0,{"$nulls":3},0]
["SPESSORE","D027770","NR",60,4.71,{"v":282.6,"d":"282.60"},{"$nulls":3},0,{"$nulls":3},0]
["SUPPORTO ","D070643","NR",60,{"v":202,"d":"202.00"},{"v":12120,"d":"12,120.00"},{"$nulls":3},0,{"$nulls":3},0]
["SUPPORTO ","D039003","NR",120,{"v":57,"d":"57.00"},{"v":6840,"d":"6,840.00"},{"$nulls":3},0,{"$nulls":3},0]
["TELERUTTORE ","4220316","NR",40,{"v":358,"d":"358.00"},{"v":14320,"d":"14,320.00"},{"$nulls":3},0,{"$nulls":3},0]
["TIRANTE ","D029183","NR",4,289.67,{"v":1158.68,"d":"1,158.68"},{"$nulls":3},0,{"$nulls":3},0]
["TIRANTE ","0043102","NR",4,{"v":550,"d":"550.00"},{"v":2200,"d":"2,200.00"},{"$nulls":3},0,{"$nulls":3},0]
["TUBO FLESSIBILE","D510959","NR",120,{"v":87,"d":"87.00"},{"v":10440,"d":"10,440.00"},{"$nulls":3},0,{"$nulls":3},0]
["TUBO FLESSIBILE","0076696","NR",90,{"v":110.2,"d":"110.20"},{"v":9918,"d":"9,918.00"},{"$nulls":3},0,{"$nulls":3},0]
["VALVOLA ","D094525","NR",2,{"v":580.635,"d":"580.64"},{"v":1161.27,"d":"1,161.27"},{"$nulls":3},0,{"$nulls":3},0]
["VITE","0254921","NR",140,4.44,{"v":621.6,"d":"621.60"},{"$nulls":3},0,{"$nulls":3},0]
["VITE","0254920","NR",150,2.72,{"v":408.00000000000006,"d":"408.00"},{"$nulls":3},0,{"$nulls":3},0]
["PREZZO TOTALE LISTINO RICAMBI ",{"$nulls":4},{"$f":"SUM(F4:F57)","v":{"v":204000,"d":"204,000.00"}},"PREZZO TOTALE RICAMBI ORIGINALI OFFERTI (A)",null,null,{"$f":"SUM(J4:J57)","v":0},"PREZZO TOTALE RICAMBI EQUIVALENTI OFFERTI (B)",null,null,{"$f":"SUM(N4:N57)","v":0}]
[]
[]
[{"$nulls":6},"PREZZO TOTALE OFFERTO (A+B) IN CIFRE     €",{"$nulls":5},{"$f":"J58+N58","v":0}]
[]
["SCONTI RICAMBI FUORI LISTINO",{"$nulls":5},"PREZZO TOTALE OFFERTO (A+B) IN LETTERE     €"]
["TIPOLOOGIA DI RICAMBI","CATEGORIA LISTINO","Sconto\nOfferto\n%"]
["ORIGINALE","A"]
["ORIGINALE","B"]
["ORIGINALE","C"]
["EQUIVALENTE",{"$nulls":4},"Data____________________________",null,null,"Timbro Ditta e firma________________________________________"]